000 00304nam a22001337a 4500
003 OSt
005 20220103155358.0
008 220103b |||||||| |||| 00| 0 eng d
040 _cHU
082 _a005.86
100 _aMorris
_926937
245 _aOracle9i Database Administrator2
942 _2ddc
_cBOOKS
_n0
999 _c25844
_d25844